Molecular and physiological studies on chitinolytic bacterial species as potential biological agents against phytopathogenic fungi and insects / (رقم التسجيلة. 3054)

تفاصيل مارك
000 -LEADER
fixed length control field 018470000a22003490004500
003 - CONTROL NUMBER IDENTIFIER
control field EG-GICUC
005 - DATE AND TIME OF LATEST TRANSACTION
control field 20250223024958.0
008 - FIXED-LENGTH DATA ELEMENTS--GENERAL INFORMATION
fixed length control field 070725s2007 ua h f m 000 0 eng d
040 ## - CATALOGING SOURCE
Original cataloging agency EG-GICUC
Language of cataloging eng
Transcribing agency EG-GICUC
041 0# - LANGUAGE CODE
Language code of text/sound track or separate title Eng
049 ## - LOCAL HOLDINGS (OCLC)
Holding library Deposite
097 ## - Thesis Degree
Thesis Level M.Sc
099 ## - LOCAL FREE-TEXT CALL NUMBER (OCLC)
Classification number Cai01.12.05.M.Sc.2007.Ma.M
100 0# - MAIN ENTRY--PERSONAL NAME
Personal name Mahmoud Saleh Mahmoud
245 10 - TITLE STATEMENT
Title Molecular and physiological studies on chitinolytic bacterial species as potential biological agents against phytopathogenic fungi and insects /
Statement of responsibility, etc. Mahmoud Saleh Mahmoud ; Supervised Zienat Kamel Mohamed , Salah Ali Moustafa , Mohamed AbdElmaksoud
246 15 - VARYING FORM OF TITLE
Title proper/short title دراسات جزيئية وفسيولوجية على البكتريا المنتجة لانزيم الكيتنيز وإستخدامها كعوامل مقاومة بيولوجية فعالة ضد الفطريات والحشرات الممرضة للنبات
260 ## - PUBLICATION, DISTRIBUTION, ETC.
Place of publication, distribution, etc. Cairo :
Name of publisher, distributor, etc. Mahmoud Saleh Mahmoud ,
Date of publication, distribution, etc. 2007
300 ## - PHYSICAL DESCRIPTION
Extent 113Leaves :
Other physical details facsimiles ;
Dimensions 30cm
502 ## - DISSERTATION NOTE
Dissertation note Thesis (M.Sc.) - Cairo University - Faculty Of Science - Department Of Botany (Microbiology)
520 ## - SUMMARY, ETC.
Summary, etc. Four hundred bacterial isolates have been isolated from rhizosphere soil samples , collected from three different agriculture areas in Egypt.These isolates were screened as chitinase producer on the basis of zones of clearance on chitin agar plates.only 5 of these isolates exhibited different sizes of clear zones
530 ## - ADDITIONAL PHYSICAL FORM AVAILABLE NOTE
Additional physical form available note Issued also as CD
653 #4 - INDEX TERM--UNCONTROLLED
Uncontrolled term Antifungal activity
653 #4 - INDEX TERM--UNCONTROLLED
Uncontrolled term Biological control
653 #4 - INDEX TERM--UNCONTROLLED
Uncontrolled term Chitinase
700 0# - ADDED ENTRY--PERSONAL NAME
Personal name Mohamed AbdElmaksoud ,
Relator term
700 0# - ADDED ENTRY--PERSONAL NAME
Personal name Salah Ali Moustafa ,
Relator term
700 0# - ADDED ENTRY--PERSONAL NAME
Personal name Zienat Kamel Mohamed ,
Relator term
856 ## - ELECTRONIC LOCATION AND ACCESS
Uniform Resource Identifier <a href="http://172.23.153.220/th.pdf">http://172.23.153.220/th.pdf</a>
905 ## - LOCAL DATA ELEMENT E, LDE (RLIN)
Cataloger Mustafa
Reviser Revisor
905 ## - LOCAL DATA ELEMENT E, LDE (RLIN)
Cataloger Samia
Reviser Cataloger
942 ## - ADDED ENTRY ELEMENTS (KOHA)
Source of classification or shelving scheme Dewey Decimal Classification
Koha item type Thesis
المقتنيات
Source of classification or shelving scheme Not for loan Home library Current library Date acquired Full call number Barcode Date last seen Koha item type Copy number
Dewey Decimal Classification   المكتبة المركزبة الجديدة - جامعة القاهرة قاعة الرسائل الجامعية - الدور الاول 11.02.2024 Cai01.12.05.M.Sc.2007.Ma.M 01010110047458000 22.09.2023 Thesis  
Dewey Decimal Classification   المكتبة المركزبة الجديدة - جامعة القاهرة مخـــزن الرســائل الجـــامعية - البدروم 11.02.2024 Cai01.12.05.M.Sc.2007.Ma.M 01020110047458000 22.09.2023 CD - Rom 47458.CD
Cairo University Libraries Portal Implemented & Customized by: Eng. M. Mohamady Contacts: new-lib@cl.cu.edu.eg | cnul@cl.cu.edu.eg
CUCL logo CNUL logo
© All rights reserved — Cairo University Libraries
CUCL logo
Implemented & Customized by: Eng. M. Mohamady Contact: new-lib@cl.cu.edu.eg © All rights reserved — New Central Library
CNUL logo
Implemented & Customized by: Eng. M. Mohamady Contact: cnul@cl.cu.edu.eg © All rights reserved — Cairo National University Library